Statistics for Head, Shoulders, Knees, and Toes Lyrics Quiz

Click here to take the quiz!

General Stats

  • This quiz has been taken 208 times
  • The average score is 21 of 22

Answer Stats

Answer% Correct
Head
100%
Knees
100%
Shoulders
99%
Toes
99%
Ears
89%
Eyes
89%
Mouth
89%
Nose
87%

Score Distribution

Percentile by Number Answered

Percent of People with Each Score

Your Score History

You have not taken this quiz